000 00276nam a2200109 a 4500
005 20141022142009.0
008 120229s19uu xx 00 eng d
050 _aDVD-ROM
_bT71 2006
245 _aTreatment of language disorders in children.
260 _c2006.
942 _cAVM
999 _c276667
_d276667